ARRUPE JESUIT UNIVERSITY

CORONAVIRUS -STOP THE SPREAD - CLEAN,DISINFECT,COVER

Children, Churches and Christian learning (Record no. 119707)

MARC details
000 -LEADER
fixed length control field 00436nam a22001337a 4500
005 - DATE AND TIME OF LATEST TRANSACTION
control field 20150508020005.0
008 - FIXED-LENGTH DATA ELEMENTS--GENERAL INFORMATION
fixed length control field 140124b xxu||||| |||| 00| 0 eng d
050 ## - LIBRARY OF CONGRESS CALL NUMBER
Classification number LC368.
Item number F818 2002
100 ## - MAIN ENTRY--PERSONAL NAME
Personal name Francis, Leslie J.
9 (RLIN) 7105
245 ## - TITLE STATEMENT
Title Children, Churches and Christian learning
Statement of responsibility, etc Francis, Leslie J.
260 ## - PUBLICATION, DISTRIBUTION, ETC. (IMPRINT)
Place of publication, distribution, etc London
Name of publisher, distributor, etc Society for Promoting Christian Knowledge
Date of publication, distribution, etc 2002
300 ## - PHYSICAL DESCRIPTION
Extent vi, 298p.;
Dimensions 24cm.
942 ## - ADDED ENTRY ELEMENTS (KOHA)
Source of classification or shelving scheme Library of Congress Classification
Item type Monograph ( Printed materials)
Koha issues (borrowed), all copies 11
Holdings
Withdrawn status Lost status Source of classification or shelving scheme Damaged status Not for loan Collection code Home library Current library Shelving location Date acquired Total Checkouts Full call number Barcode Date last seen Date last borrowed Price effective from Koha item type
    Library of Congress Classification     Main Collection ARRUPE LIBRARY ARRUPE LIBRARY Main Collection 24/01/2014 11 LC368. F818 2002 464122360 28/06/2018 07/05/2015 24/01/2014 Monograph ( Printed materials)

 

Arrupe Library. PO Box MP320 Mt Pleasant, Harare, Zimbabwe
263 242 745411|librarian@aju.ac.zw